| 000 | 00515nam a2200169Ia 4500 | ||
|---|---|---|---|
| 008 | 090201s9999 xx 000 0 und d | ||
| 010 | _aKPL-74786 | ||
| 040 | _bमराठी | ||
| 041 | _aमराठी | ||
| 082 |
_a55346 _b74786 |
||
| 100 | _aसुहास शिरवळकर | ||
| 245 |
_aउस्ताद _cसुहास शिरवळकर |
||
| 260 |
_c2008 _bमंगलदीप प्रकाशन |
||
| 300 |
_a200 _bलहान |
||
| 600 | _aउस्ताद | ||
| 942 | _cBOOK | ||
| 999 |
_c251607 _d251607 |
||